=LDR 00000nam 2200000 4500 =001 INLIS000000000031771 =005 20130612133826 =008 ***********************************ind** =035 ##$$0010-061300000031771 =041 ##$$a ind =082 ##$$a 783 =090 ##$$a 783, Muk l =100 ##$$a Mukhlis =245 ##$$a Lagu Rakyat, Kumpulan Lagu-lagu rakyat,Lagu-lagu Daerah, Lagu-lagu Dolanan, Mukhlis, Azmy =260 ##$$a 2007 $b Jakarta =300 ##$$a vii,165 hlm, 12 cm =650 ##$$a Nyanyian =700 ##$$a Azmy =850 ##$$a NBPNMAT